000 00728cam a22002773a 4500
001 32594
003 PGUSA
005 20140828083715.0
008 100530s2010||||xxu|||||s|||||000 1 eng d
040 _aPGUSA
_beng
042 _adc
050 4 _aPS
100 1 _aWells, Basil,
_d1912-2003
245 1 0 _aStalemate
_h[electronic resource] /
_cBasil Wells
260 _bProject Gutenberg,
_c2010
506 _aPublic domain in the USA.
516 _aElectronic text
653 _aDueling -- Fiction
653 _aWar stories
653 _aShort stories
653 _aScience fiction
700 1 _aSummers, Leo
830 0 _aProject Gutenberg
_v32594
856 4 0 _uhttp://www.gutenberg.org/ebooks/32594
942 _cEB
999 _c261849
_d261849